=LDR 00000nam 2200000 4500 =001 NUTBA000000000003182 =005 20140806093607.0 =006 =007 =008 =035 ##$$a 0010-081400000000026 =040 ##$$a NBPDMAT =082 ##$$a 510 =090 ##$$a 510 $b Pan m =100 ##$$a Pangarso Yuliatmoko =245 ##$$a Matematika untuk SMA/MA kelas XI program bahasa / $c Pangarso Yu;iatmoko =260 ##$$a Jakarta : $b Pusat Perbukuan, $c 2008 =300 ##$$a viii, 122 hlm. ; 25 cm. =650 ##$$a Matematika-SMA =990 ##$$a 21406867 =990 ##$$a 0001/BPAP-NTB/20142014 =990 ##$$a 0001/BPAP-NTB/20142014 =990 ##$$a 0001/BPAP-NTB/20142014 =990 ##$$a 0001/BPAP-NTB/20142014 =990 ##$$a 0001/BPAP-NTB/20142014 =990 ##$$a 0001/BPAP-NTB/20142014